Bharat varsh ki vibhutian (Record no. 66926)
[ view plain ]
| 000 -LEADER | |
|---|---|
| fixed length control field | 00301nam a2200109 4500 |
| 008 - FIXED-LENGTH DATA ELEMENTS--GENERAL INFORMATION | |
| fixed length control field | 240911b |||||||| |||| 00| 0 eng d |
| 040 ## - CATALOGING SOURCE | |
| Original cataloging agency | National Science Library |
| Transcribing agency | National Science Library |
| 080 ## - UNIVERSAL DECIMAL CLASSIFICATION NUMBER | |
| Universal Decimal Classification number | R 92(540) |
| Item number | L0 |
| 100 ## - MAIN ENTRY--PERSONAL NAME | |
| Personal name | Toliwal, D R |
| 245 ## - TITLE STATEMENT | |
| Title | Bharat varsh ki vibhutian |
| 942 ## - ADDED ENTRY ELEMENTS (KOHA) | |
| Source of classification or shelving scheme | Universal Decimal Classification |
| Koha item type | Reference |
| Withdrawn status | Lost status | Source of classification or shelving scheme | Damaged status | Not for loan | Home library | Current library | Shelving location | Date acquired | Total Checkouts | Full call number | Barcode | Date last seen | Price effective from | Koha item type |
|---|---|---|---|---|---|---|---|---|---|---|---|---|---|---|
| Universal Decimal Classification | National Science Library | National Science Library | GF/ | 11/09/2024 | R 92(540), L0 | 191263 | 11/09/2024 | 11/09/2024 | Reference |